| 000 | 00478nam a2200181Ia 4500 | ||
|---|---|---|---|
| 008 | 221030s9999 xx 000 0 und d | ||
| 020 | _a0070486778 | ||
| 041 | _aEnglish | ||
| 082 |
_a105.23 _bRog |
||
| 100 | _aD. F. Rogers | ||
| 245 | 0 |
_aMathematical Elements for Computer Graphics ( DEPARTMENTAL ) _cby D. F. Rogers, J. A. Adams |
|
| 250 | _a2nd | ||
| 260 |
_bTMH _aNew Delhi _c2004 |
||
| 300 | _a611 | ||
| 650 | _aCSE Departmental | ||
| 700 | _aJ. A. Adams | ||
| 942 | _cBK | ||
| 999 |
_c2184 _d2184 |
||